[Event "Sao Paulo Hebraica 18th"]
[Site "Sao Paulo"]
[Date "2015.06.08"]
[Round "5"]
[White "Mareco, Sandro"]
[Black "Delgado Ramirez, Neuris"]
[Result "1-0"]
[WhiteElo "2606"]
[BlackElo "2593"]
[PlyCount "123"]
[EventDate "2015.06.05"]
[EventType "tourn"]
[EventRounds "9"]
[EventCountry "BRA"]
[EventCategory "8"]
[SourceTitle "CBM 166 Extra"]
[Source "ChessBase"]
[SourceDate "2015.06.18"]
[SourceVersion "1"]
[SourceVersionDate "2015.06.18"]
[SourceQuality "1"]

1. d4 Nf6 2. c4 e6 3. Nf3 Bb4+ 4. Nbd2 d5 5. Qa4+ Nc6 6. a3 Be7 7. e3 O-O 8.
Qc2 a5 9. b3 Ne8 10. Bd3 f5 11. Bb2 Bd7 12. Nb1 Nf6 13. cxd5 exd5 14. Bxf5 Bxf5
15. Qxf5 Ne4 16. Qe6+ Kh8 17. Nc3 Nxc3 18. Bxc3 Rf6 19. Qh3 Qf8 20. O-O Rh6 21.
Qd7 Rd8 22. Qxc7 Bd6 23. Qb6 Qe8 24. h3 Ne7 25. Bxa5 Ra8 26. a4 Nf5 27. Qb5 Qg6
28. Rfc1 Rxh3 29. Qxd5 Rh5 30. Qxb7 Rf8 31. Bd2 Ne7 32. Ra2 Qh6 33. Kf1 Qg6 34.
Rac2 Rh1+ 35. Ke2 Qxg2 36. Rxh1 Qxh1 37. Rc1 Qh5 38. Rg1 h6 39. Qe4 Qf7 40. Rb1
Nd5 41. Rh1 Qb7 42. Ng5 Qa6+ 43. Ke1 Nf6 44. Qg6 Qb7 45. e4 Bb4 46. Rh3 Kg8 47.
e5 Bxd2+ 48. Kxd2 Qg2 49. exf6 Qxf2+ 50. Kd3 Qf1+ 51. Kd2 Qf2+ 52. Kd1 Qf1+ 53.
Kc2 Qe2+ 54. Kb1 Qd1+ 55. Kb2 Qd2+ 56. Kb1 Qd1+ 57. Kb2 Qd2+ 58. Qc2 Qxd4+ 59.
Qc3 Qf2+ 60. Ka3 hxg5 61. fxg7 Rf7 62. Rh8# 1-0

[Event "Sao Paulo Hebraica 18th"]
[Site "Sao Paulo"]
[Date "2015.06.09"]
[Round "6"]
[White "Delgado Ramirez, Neuris"]
[Black "Rodi, Luis Ernesto"]
[Result "1/2-1/2"]
[WhiteElo "2593"]
[BlackElo "2364"]
[PlyCount "90"]
[EventDate "2015.06.05"]
[EventType "tourn"]
[EventRounds "9"]
[EventCountry "BRA"]
[EventCategory "8"]
[SourceTitle "CBM 166 Extra"]
[Source "ChessBase"]
[SourceDate "2015.06.18"]
[SourceVersion "1"]
[SourceVersionDate "2015.06.18"]
[SourceQuality "1"]

1. e4 e5 2. Nf3 Nc6 3. Bb5 Nge7 4. Nc3 Ng6 5. d3 a6 6. Bxc6 dxc6 7. Be3 Bd6 8.
Qd2 Nh4 9. Nxh4 Qxh4 10. O-O-O Be6 11. Kb1 Qe7 12. Ne2 O-O-O 13. Ng3 g6 14. f4
f6 15. f5 Bf7 16. Qf2 g5 17. h4 h6 18. Rh2 c5 19. b3 c4 20. dxc4 Ba3 21. Rdh1
g4 22. c5 h5 23. Rf1 Rd7 24. Rhh1 Rhd8 25. Ne2 b6 26. cxb6 Qb4 27. bxc7 Rxc7
28. Rd1 Rxd1+ 29. Rxd1 Qxe4 30. Ng3 Qc6 31. Bc1 Bb4 32. a3 Bc3 33. Qe2 Bd4 34.
Rd3 Rb7 35. Bb2 Bc4 36. Bxd4 Bxd3 37. Qxd3 exd4 38. Nxh5 Qxg2 39. Qxa6 Qh1+ 40.
Kb2 Qf3 41. Nxf6 Qc3+ 42. Kb1 d3 43. Qa8+ Rb8 44. Qa6+ Rb7 45. Qa8+ Rb8 1/2-1/2

[Event "Sao Paulo Hebraica 18th"]
[Site "Sao Paulo"]
[Date "2015.06.10"]
[Round "7"]
[White "Carneiro, Vitor Roberto Castr"]
[Black "Delgado Ramirez, Neuris"]
[Result "0-1"]
[WhiteElo "2366"]
[BlackElo "2593"]
[PlyCount "76"]
[EventDate "2015.06.05"]
[EventType "tourn"]
[EventRounds "9"]
[EventCountry "BRA"]
[EventCategory "8"]
[SourceTitle "CBM 166 Extra"]
[Source "ChessBase"]
[SourceDate "2015.06.18"]
[SourceVersion "1"]
[SourceVersionDate "2015.06.18"]
[SourceQuality "1"]

1. c4 b6 2. Nc3 Bb7 3. e4 e5 4. Nf3 Nc6 5. a3 Nf6 6. d4 exd4 7. Nxd4 Nxd4 8.
Qxd4 Bc5 9. Qe5+ Be7 10. Bd3 O-O 11. Qf5 d6 12. O-O Nd7 13. Nd5 Bxd5 14. cxd5
Nc5 15. Bc2 a5 16. Bd2 g6 17. Qh3 Bf6 18. Bc3 Re8 19. Rae1 a4 20. f4 Bxc3 21.
Qxc3 Qd7 22. f5 Re5 23. Qh3 Qe7 24. Rf4 f6 25. fxg6 hxg6 26. Ref1 Rf8 27. Qf3
Kg7 28. h4 Rh5 29. Qg4 Qe5 30. R1f2 Rh6 31. Rf5 Qxb2 32. e5 dxe5 33. R5f3 e4
34. Bxe4 Qa1+ 35. Kh2 Qe5+ 36. Rf4 Nxe4 37. Re2 f5 38. Qf3 Rxh4+ 0-1

[Event "Sao Paulo Hebraica 18th"]
[Site "Sao Paulo"]
[Date "2015.06.11"]
[Round "8"]
[White "Delgado Ramirez, Neuris"]
[Black "Molina, Roberto Junio Brito"]
[Result "1-0"]
[WhiteElo "2593"]
[BlackElo "2450"]
[PlyCount "191"]
[EventDate "2015.06.05"]
[EventType "tourn"]
[EventRounds "9"]
[EventCountry "BRA"]
[EventCategory "8"]
[SourceTitle "CBM 166 Extra"]
[Source "ChessBase"]
[SourceDate "2015.06.18"]
[SourceVersion "1"]
[SourceVersionDate "2015.06.18"]
[SourceQuality "1"]

1. e4 c5 2. Nf3 e6 3. Nc3 Nc6 4. Bb5 Nge7 5. O-O Nd4 6. Nxd4 cxd4 7. Ne2 Nc6 8.
c3 Bc5 9. b4 Bb6 10. Bb2 dxc3 11. Bxc3 O-O 12. Bxc6 bxc6 13. Qc2 Ba6 14. d3 d5
15. Rad1 Rc8 16. a4 Qd7 17. a5 Bd8 18. Bd4 Be7 19. Bc5 Bxc5 20. Qxc5 dxe4 21.
dxe4 Qb7 22. Rfe1 Bxe2 23. Rxe2 Rb8 24. Rd4 g6 25. h4 Qb5 26. Rc2 e5 27. Rdc4
Qxc5 28. Rxc5 Rxb4 29. Rxe5 Rb5 30. Re7 Rxa5 31. Rxc6 Ra1+ 32. Kh2 a5 33. Ra6
a4 34. Rea7 h5 35. Kg3 a3 36. f3 Kg7 37. Kf4 Kh6 38. g3 a2 39. Rxa2 Rxa2 40.
Rxa2 Rb8 41. Ra3 Rb5 42. Ra8 Kg7 43. Rd8 Rb1 44. Rd5 Rg1 45. Ra5 Rg2 46. Ra1
Rb2 47. g4 hxg4 48. Kxg4 Rg2+ 49. Kh3 Rb2 50. Ra5 Rb1 51. Ra7 Rh1+ 52. Kg3 Rg1+
53. Kh2 Re1 54. Kg2 Re2+ 55. Kg3 Re1 56. Ra2 Kf6 57. Rh2 Kg7 58. h5 gxh5 59.
Rxh5 f6 60. Kf4 Kg6 61. Rh2 Ra1 62. Rb2 Ra6 63. Rb5 Rc6 64. Kg4 Rc4 65. Rb6 Ra4
66. Kf4 Rc4 67. Rd6 Ra4 68. Ke3 Kf7 69. f4 Ke7 70. Rc6 Ra3+ 71. Kd4 Ra1 72.
Rc7+ Kd6 73. Rb7 Ra4+ 74. Ke3 Ra3+ 75. Ke2 Rh3 76. Rb6+ Ke7 77. f5 Ra3 78. Re6+
Kf7 79. Rd6 Ke7 80. Rd3 Ra2+ 81. Kf3 Ra1 82. Rb3 Rf1+ 83. Ke2 Rh1 84. Rb7+ Kd6
85. Kf3 Rf1+ 86. Kg4 Rg1+ 87. Kh5 Ke5 88. Re7+ Kf4 89. Kh6 Rg8 90. Kh7 Rg1 91.
Rg7 Re1 92. Kg6 Rxe4 93. Kxf6 Ra4 94. Kg6 Ke5 95. Re7+ Kd6 96. f6 1-0

[Event "Florianopolis 2nd"]
[Site "Florianopolis"]
[Date "2015.06.19"]
[Round "1"]
[White "Dejeanne, Francisco Horacio"]
[Black "Delgado Ramirez, Neuris"]
[Result "0-1"]
[WhiteElo "2195"]
[BlackElo "2593"]
[PlyCount "64"]
[EventDate "2015.06.19"]
[EventType "tourn"]
[EventRounds "9"]
[EventCountry "BRA"]
[EventCategory "6"]
[SourceTitle "CBM 167 Extra"]
[Source "ChessBase"]
[SourceDate "2015.09.14"]
[SourceVersion "1"]
[SourceVersionDate "2015.09.14"]
[SourceQuality "1"]

1. e4 c5 2. Nf3 d6 3. Bb5+ Bd7 4. Bxd7+ Nxd7 5. O-O Ngf6 6. Nc3 g6 7. d3 Bg7 8.
Ng5 Ne5 9. f4 Nc6 10. Kh1 Nd7 11. f5 Nf6 12. Be3 h6 13. Nf3 gxf5 14. Nh4 fxe4
15. Nf5 Bf8 16. dxe4 e6 17. Nxd6+ Bxd6 18. Rxf6 Qxf6 19. Qxd6 Qe7 20. Nb5 Rd8
21. Qg3 a6 22. Nc3 Qd6 23. Bf4 Qd4 24. Be3 Qe5 25. Bf4 Qf6 26. e5 Qg6 27. Qf3
Rg8 28. Ne4 Nd4 29. Nd6+ Rxd6 30. Qxb7 Rd7 31. Qc8+ Rd8 32. Qb7 Qxc2 0-1

[Event "Florianopolis 2nd"]
[Site "Florianopolis"]
[Date "2015.06.20"]
[Round "2"]
[White "Delgado Ramirez, Neuris"]
[Black "Matsuura, Everaldo"]
[Result "1-0"]
[WhiteElo "2593"]
[BlackElo "2494"]
[PlyCount "45"]
[EventDate "2015.06.19"]
[EventType "tourn"]
[EventRounds "9"]
[EventCountry "BRA"]
[EventCategory "6"]
[SourceTitle "CBM 167 Extra"]
[Source "ChessBase"]
[SourceDate "2015.09.14"]
[SourceVersion "1"]
[SourceVersionDate "2015.09.14"]
[SourceQuality "1"]

1. e4 c5 2. b3 Nc6 3. Bb2 e5 4. Bc4 d6 5. Ne2 Nf6 6. Nbc3 Be7 7. O-O O-O 8. f4
exf4 9. Nxf4 Ne5 10. d3 Nfg4 11. Ncd5 Bg5 12. h3 Nxc4 13. dxc4 Ne5 14. Qe2 Re8
15. Rad1 Bd7 16. Qf2 f6 17. Nh5 Rf8 18. Qg3 Rf7 19. Bxe5 fxe5 20. Rxf7 Kxf7 21.
h4 Bh6 22. Rf1+ Kg8 23. Rf6 1-0

[Event "Florianopolis 2nd"]
[Site "Florianopolis"]
[Date "2015.06.20"]
[Round "3"]
[White "Molina, Roberto Junio Brito"]
[Black "Delgado Ramirez, Neuris"]
[Result "0-1"]
[WhiteElo "2450"]
[BlackElo "2593"]
[PlyCount "84"]
[EventDate "2015.06.19"]
[EventType "tourn"]
[EventRounds "9"]
[EventCountry "BRA"]
[EventCategory "6"]
[SourceTitle "CBM 167 Extra"]
[Source "ChessBase"]
[SourceDate "2015.09.14"]
[SourceVersion "1"]
[SourceVersionDate "2015.09.14"]
[SourceQuality "1"]

1. d4 Nf6 2. c4 e6 3. Nf3 b6 4. a3 Ba6 5. Qc2 Bb7 6. Nc3 c5 7. dxc5 bxc5 8. Bg5
Be7 9. e3 O-O 10. Be2 d5 11. cxd5 exd5 12. O-O Nbd7 13. Rfd1 Rc8 14. Qf5 g6 15.
Qh3 Qb6 16. Rd2 a6 17. Rad1 Rfe8 18. Qh4 Bf8 19. Bh6 Be7 20. Ng5 Qc7 21. Bf3
Nb6 22. a4 a5 23. Be2 Rcd8 24. Bb5 Bc6 25. b3 Bxb5 26. Nxb5 Qb8 27. Qh3 Nc8 28.
Nf3 Nd6 29. Bf4 Qb6 30. Bxd6 Bxd6 31. Qh4 Re4 32. Qh3 Rb4 33. Ng5 Bf8 34. Rd3
h6 35. Nf3 Re8 36. Qg3 Ne4 37. Qh3 c4 38. Rxd5 cxb3 39. Rb1 Rxa4 40. Ne1 Rb4
41. Na3 Nc3 42. Qd7 Re7 0-1

[Event "Florianopolis 2nd"]
[Site "Florianopolis"]
[Date "2015.06.21"]
[Round "4"]
[White "Cubas, Jose Fernando"]
[Black "Delgado Ramirez, Neuris"]
[Result "0-1"]
[WhiteElo "2455"]
[BlackElo "2593"]
[PlyCount "52"]
[EventDate "2015.06.19"]
[EventType "tourn"]
[EventRounds "9"]
[EventCountry "BRA"]
[EventCategory "6"]
[SourceTitle "CBM 167 Extra"]
[Source "ChessBase"]
[SourceDate "2015.09.14"]
[SourceVersion "1"]
[SourceVersionDate "2015.09.14"]
[SourceQuality "1"]

1. e4 c5 2. Nf3 d6 3. d4 cxd4 4. Nxd4 Nf6 5. Nc3 a6 6. Be2 e5 7. Nb3 Be7 8. Be3
b6 9. Qd2 Bb7 10. f3 Nbd7 11. O-O-O b5 12. g4 b4 13. Nd5 Nxd5 14. exd5 a5 15.
Kb1 O-O 16. f4 a4 17. Nc1 Qa5 18. Nd3 b3 19. c4 bxa2+ 20. Ka1 Qc7 21. Rc1 exf4
22. Bxf4 Bf6 23. Kxa2 Ba6 24. c5 Qb7 25. Nb4 Bxe2 26. Bxd6 Qb5 0-1

[Event "Florianopolis 2nd"]
[Site "Florianopolis"]
[Date "2015.06.22"]
[Round "5"]
[White "Delgado Ramirez, Neuris"]
[Black "Aguiar, Lucas Teodoro Barbo"]
[Result "1-0"]
[WhiteElo "2593"]
[BlackElo "2316"]
[PlyCount "97"]
[EventDate "2015.06.19"]
[EventType "tourn"]
[EventRounds "9"]
[EventCountry "BRA"]
[EventCategory "6"]
[SourceTitle "CBM 167 Extra"]
[Source "ChessBase"]
[SourceDate "2015.09.14"]
[SourceVersion "1"]
[SourceVersionDate "2015.09.14"]
[SourceQuality "1"]

1. e4 c5 2. Nf3 Nc6 3. Bb5 g6 4. Bxc6 dxc6 5. h3 Bg7 6. d3 Nf6 7. Nc3 Nd7 8.
Be3 e5 9. Qd2 h6 10. O-O Qe7 11. a3 Nf8 12. b4 Ne6 13. Na4 b6 14. bxc5 b5 15.
Nb2 f5 16. Qe2 f4 17. Bd2 g5 18. d4 Nxd4 19. Nxd4 exd4 20. Nd3 a5 21. f3 Be6
22. Qe1 Qa7 23. Qf2 Qa6 24. e5 Rd8 25. Qe1 b4 26. axb4 a4 27. Ra3 Bf5 28. Qa1
Ra8 29. Qxd4 O-O 30. Qa1 Ra7 31. Re1 Re8 32. Kh2 Qc4 33. Bc3 Bxd3 34. cxd3 Qxd3
35. Qa2+ Kf8 36. Ba1 Qb5 37. Qd2 Kg8 38. Bc3 Qc4 39. Re4 Qe6 40. Qc2 Rea8 41.
Rd4 Bf8 42. Rd1 Kg7 43. Rda1 Kf7 44. Rxa4 Rxa4 45. Rxa4 Rxa4 46. Qxa4 Qc4 47.
Qc2 Bg7 48. Qf5+ Ke7 49. e6 1-0

[Event "Florianopolis 2nd"]
[Site "Florianopolis"]
[Date "2015.06.22"]
[Round "6"]
[White "Languidey, Simon Alejandro"]
[Black "Delgado Ramirez, Neuris"]
[Result "0-1"]
[WhiteElo "2334"]
[BlackElo "2593"]
[PlyCount "96"]
[EventDate "2015.06.19"]
[EventType "tourn"]
[EventRounds "9"]
[EventCountry "BRA"]
[EventCategory "6"]
[SourceTitle "CBM 167 Extra"]
[Source "ChessBase"]
[SourceDate "2015.09.14"]
[SourceVersion "1"]
[SourceVersionDate "2015.09.14"]
[SourceQuality "1"]

1. e4 c5 2. Nc3 Nc6 3. g3 g6 4. Bg2 Bg7 5. d3 d6 6. Be3 e6 7. Qd2 Rb8 8. Nf3 b5
9. a3 Nd4 10. O-O Ne7 11. Bh6 Nxf3+ 12. Bxf3 O-O 13. Bxg7 Kxg7 14. Bg2 a5 15.
Nd1 Qb6 16. Ne3 Bd7 17. Rae1 b4 18. e5 d5 19. Ng4 Ng8 20. Nf6 Qd8 21. Nxg8 Kxg8
22. h4 Qe7 23. c4 bxc3 24. bxc3 Rb3 25. c4 Rxa3 26. Ra1 Rxa1 27. Rxa1 a4 28.
Qa5 Bc6 29. Qb6 Rc8 30. Rc1 Qe8 31. Qxc5 dxc4 32. Rxc4 Bb7 33. Qa3 Rxc4 34.
dxc4 Bxg2 35. Kxg2 Qc6+ 36. Kg1 Qxc4 37. Qe7 Qc1+ 38. Kg2 Qc6+ 39. Kg1 Qa8 40.
Qa3 h5 41. Kh2 Qe4 42. Qd6 Qf3 43. Kg1 a3 44. Qa6 Qb3 45. Qc8+ Kg7 46. Qd8 a2
47. Qf6+ Kg8 48. Qd8+ Kh7 0-1

[Event "Florianopolis 2nd"]
[Site "Florianopolis"]
[Date "2015.06.23"]
[Round "7"]
[White "Delgado Ramirez, Neuris"]
[Black "Umetsubo, Cesar Hidemitsu"]
[Result "1-0"]
[WhiteElo "2593"]
[BlackElo "2321"]
[PlyCount "69"]
[EventDate "2015.06.19"]
[EventType "tourn"]
[EventRounds "9"]
[EventCountry "BRA"]
[EventCategory "6"]
[SourceTitle "CBM 167 Extra"]
[Source "ChessBase"]
[SourceDate "2015.09.14"]
[SourceVersion "1"]
[SourceVersionDate "2015.09.14"]
[SourceQuality "1"]

1. e4 c5 2. Nf3 Nc6 3. Bb5 g6 4. Bxc6 dxc6 5. h3 Bg7 6. d3 Nf6 7. Nc3 Nd7 8.
Be3 e5 9. Qd2 h6 10. O-O Qe7 11. Nh2 Nf8 12. f4 exf4 13. Rxf4 Be6 14. Raf1 Nd7
15. R4f2 O-O-O 16. Ne2 f5 17. Nf4 Bf7 18. exf5 gxf5 19. b3 Nf6 20. Qc1 b6 21.
Nf3 Nd5 22. Nxd5 Bxd5 23. Re1 Qd7 24. Bf4 Bxf3 25. Rxf3 Rde8 26. Kh2 Bc3 27.
Rxe8+ Rxe8 28. Bg3 Re2 29. Qxh6 Kb7 30. Qf8 Rxc2 31. Rxf5 Ka6 32. Rf7 Qd5 33.
Rxa7+ Kb5 34. Qf1 Bd4 35. Be1 1-0

[Event "Florianopolis 2nd"]
[Site "Florianopolis"]
[Date "2015.06.24"]
[Round "8"]
[White "Gauche, Charles"]
[Black "Delgado Ramirez, Neuris"]
[Result "0-1"]
[WhiteElo "2275"]
[BlackElo "2593"]
[PlyCount "75"]
[EventDate "2015.06.19"]
[EventType "tourn"]
[EventRounds "9"]
[EventCountry "BRA"]
[EventCategory "6"]
[SourceTitle "CBM 167 Extra"]
[Source "ChessBase"]
[SourceDate "2015.09.14"]
[SourceVersion "1"]
[SourceVersionDate "2015.09.14"]
[SourceQuality "1"]

1. e4 c5 2. Nf3 d6 3. d4 cxd4 4. Nxd4 Nf6 5. Nc3 Nc6 6. Nb3 g6 7. Be2 Bg7 8.
O-O O-O 9. Bg5 Be6 10. f4 b5 11. Bf3 Nd7 12. Qe1 a5 13. a3 a4 14. Nc1 Nd4 15.
Bd1 Bc4 16. Nd3 Nc5 17. Nd5 f6 18. Bh4 Nxd3 19. cxd3 Bxd3 20. Rf2 Bc4 21. Ne3
Bf7 22. f5 Qb6 23. Kh1 Qb7 24. Nc2 Nb3 25. Rb1 Nc5 26. Bf3 Nd3 27. Qd2 Nxf2+
28. Bxf2 Rac8 29. Nb4 Qd7 30. Nd5 Rc6 31. Be2 Rb8 32. Bg4 e6 33. fxg6 hxg6 34.
Bd4 Qd8 35. Nb4 Rc4 36. Be3 Rbc8 37. Re1 d5 38. exd5 0-1

[Event "Florianopolis 2nd"]
[Site "Florianopolis"]
[Date "2015.06.24"]
[Round "9"]
[White "Delgado Ramirez, Neuris"]
[Black "Rodriguez Vila, Andres"]
[Result "0-1"]
[WhiteElo "2593"]
[BlackElo "2469"]
[PlyCount "60"]
[EventDate "2015.06.19"]
[EventType "tourn"]
[EventRounds "9"]
[EventCountry "BRA"]
[EventCategory "6"]
[SourceTitle "CBM 167 Extra"]
[Source "ChessBase"]
[SourceDate "2015.09.14"]
[SourceVersion "1"]
[SourceVersionDate "2015.09.14"]
[SourceQuality "1"]

1. e4 c5 2. Nf3 Nc6 3. Bb5 g6 4. Bxc6 dxc6 5. h3 Bg7 6. d3 b6 7. O-O Nf6 8. Nc3
O-O 9. Be3 e5 10. Qd2 Qe7 11. Bh6 Bxh6 12. Qxh6 Nh5 13. Ne2 f6 14. Nd2 Be6 15.
b3 Qd6 16. Qe3 Nf4 17. a4 Rae8 18. Nc4 Qc7 19. Rfe1 h5 20. Qd2 g5 21. Ne3 Qd7
22. Ng3 Bxh3 23. gxh3 Qxh3 24. Ngf5 g4 25. Re2 Qf3 26. Rae1 Nh3+ 27. Kh2 Ng5
28. Ng3 h4 29. Nef5 hxg3+ 30. fxg3 Kf7 0-1

[Event "Cuiaba Contaud op"]
[Site "Cuiaba"]
[Date "2015.07.31"]
[Round "1"]
[White "Fontoura, Alexandre Souza"]
[Black "Delgado Ramirez, Neuris"]
[Result "0-1"]
[WhiteElo "1894"]
[BlackElo "2604"]
[PlyCount "60"]
[EventDate "2015.07.31"]
[EventType "swiss"]
[EventRounds "6"]
[EventCountry "BRA"]
[SourceTitle "EXT 2016"]
[Source "ChessBase"]
[SourceDate "2015.10.08"]
[SourceVersion "1"]
[SourceVersionDate "2015.10.08"]
[SourceQuality "1"]

1. e4 c5 2. Nf3 d6 3. d4 cxd4 4. Nxd4 Nf6 5. Nc3 a6 6. h3 e5 7. Nde2 h5 8. g3
Be6 9. Bg2 Nbd7 10. Bg5 Be7 11. Qd2 Rc8 12. O-O-O b5 13. Bxf6 Nxf6 14. Kb1 b4
15. Nd5 Nxd5 16. exd5 Bf5 17. Rc1 Qb6 18. Rhf1 b3 19. axb3 Qxb3 20. f4 Bf6 21.
Rf3 Qb7 22. Ka1 exf4 23. Rb3 Qd7 24. c3 O-O 25. Nxf4 Rc4 26. Ra3 Ra4 27. Nxh5
Be5 28. Nf4 Rxa3+ 29. bxa3 Rb8 30. Ka2 Qa4 0-1

[Event "Cuiaba Contaud op"]
[Site "Cuiaba"]
[Date "2015.07.31"]
[Round "2"]
[White "Delgado Ramirez, Neuris"]
[Black "Rodrigues de Rosa, Petrus"]
[Result "1-0"]
[WhiteElo "2604"]
[BlackElo "2083"]
[PlyCount "51"]
[EventDate "2015.07.31"]
[EventType "swiss"]
[EventRounds "6"]
[EventCountry "BRA"]
[SourceTitle "EXT 2016"]
[Source "ChessBase"]
[SourceDate "2015.10.08"]
[SourceVersion "1"]
[SourceVersionDate "2015.10.08"]
[SourceQuality "1"]

1. e4 e5 2. Nf3 Nc6 3. d4 exd4 4. Nxd4 Bb4+ 5. c3 Bc5 6. Be3 Qf6 7. Nd2 Nge7 8.
N2b3 Bb6 9. Qf3 Qxf3 10. gxf3 Nxd4 11. Nxd4 Nc6 12. Rg1 Nxd4 13. cxd4 g6 14.
O-O-O O-O 15. h4 d5 16. exd5 Bf5 17. h5 Kh8 18. hxg6 Bxg6 19. Bc4 Rfe8 20. Bf4
Kg7 21. Rh1 Rad8 22. Bh6+ Kh8 23. Bg5 Rd6 24. Bf4 Rdd8 25. Be5+ Kg8 26. f4 1-0

[Event "Cuiaba Contaud op"]
[Site "Cuiaba"]
[Date "2015.08.01"]
[Round "3"]
[White "Aranha Filho, Alvaro Zimmermann"]
[Black "Delgado Ramirez, Neuris"]
[Result "0-1"]
[WhiteElo "2277"]
[BlackElo "2604"]
[PlyCount "142"]
[EventDate "2015.07.31"]
[EventType "swiss"]
[EventRounds "6"]
[EventCountry "BRA"]
[SourceTitle "EXT 2016"]
[Source "ChessBase"]
[SourceDate "2015.10.08"]
[SourceVersion "1"]
[SourceVersionDate "2015.10.08"]
[SourceQuality "1"]

1. d4 Nf6 2. c4 e6 3. g3 d5 4. Nf3 dxc4 5. Bg2 Bd7 6. Ne5 Bc6 7. Nxc6 Nxc6 8.
Bxc6+ bxc6 9. Qa4 Qd5 10. O-O Qb5 11. Qc2 Rd8 12. Nc3 Qa5 13. Be3 Bd6 14. Qa4
Qxa4 15. Nxa4 Rb8 16. a3 Nd5 17. Rfc1 c3 18. b4 a5 19. Nxc3 axb4 20. Nxd5 cxd5
21. axb4 Kd7 22. Bd2 Bxb4 23. Bxb4 Rxb4 24. Ra7 Rc8 25. e3 Rb6 26. Kg2 Rc6 27.
Rxc6 Kxc6 28. f4 f6 29. Ra6+ Kd7 30. Kf3 Rb8 31. h4 Re8 32. Ra5 Kd6 33. Ra6+ c6
34. e4 dxe4+ 35. Kxe4 Rb8 36. Ra3 g6 37. Ke3 Kd5 38. Ra5+ Rb5 39. Ra3 h5 40.
Rc3 Ra5 41. Kd3 Ra4 42. Rc5+ Kd6 43. Rc3 e5 44. fxe5+ fxe5 45. dxe5+ Kxe5 46.
Ke3 Rg4 47. Kf3 Kd5 48. Rd3+ Kc4 49. Re3 c5 50. Ke2 Kd4 51. Rd3+ Ke5 52. Rc3 c4
53. Rf3 Rd4 54. Ra3 Re4+ 55. Kd2 Kf5 56. Ra5+ Re5 57. Ra4 Rc5 58. Ra6 Rd5+ 59.
Kc2 Rd4 60. Ra5+ Kf6 61. Ra6+ Kf7 62. Ra7+ Ke6 63. Ra6+ Rd6 64. Ra3 Kf5 65.
Ra5+ Kg4 66. Rg5+ Kh3 67. Kc1 Rd3 68. Rxg6 Rxg3 69. Rh6 Kxh4 70. Rc6 Rg4 71.
Rc5 Re4 0-1

[Event "Cuiaba Contaud op"]
[Site "Cuiaba"]
[Date "2015.08.01"]
[Round "4"]
[White "Delgado Ramirez, Neuris"]
[Black "Perdomo, Leandro Daniel"]
[Result "1/2-1/2"]
[WhiteElo "2604"]
[BlackElo "2427"]
[PlyCount "58"]
[EventDate "2015.07.31"]
[EventType "swiss"]
[EventRounds "6"]
[EventCountry "BRA"]
[SourceTitle "EXT 2016"]
[Source "ChessBase"]
[SourceDate "2015.10.08"]
[SourceVersion "1"]
[SourceVersionDate "2015.10.08"]
[SourceQuality "1"]

1. e4 e5 2. Nf3 Nc6 3. Bb5 a6 4. Ba4 Nf6 5. d3 b5 6. Bb3 Be7 7. Nc3 d6 8. a3
O-O 9. h3 Na5 10. Ba2 c5 11. O-O Be6 12. Bg5 Rb8 13. Bxf6 Bxf6 14. Nd5 Bg5 15.
b4 Nc6 16. c3 Bh6 17. Qe2 Qd7 18. Rad1 Qa7 19. Nh2 a5 20. bxc5 Qxc5 21. Qh5
Bxd5 22. Bxd5 Ne7 23. Ng4 Nxd5 24. Nxh6+ gxh6 25. exd5 Qxd5 26. Qxh6 Qe6 27.
Qe3 b4 28. axb4 axb4 29. cxb4 Rxb4 1/2-1/2

[Event "Cuiaba Contaud op"]
[Site "Cuiaba"]
[Date "2015.08.02"]
[Round "5"]
[White "Cubas, Jose Fernando"]
[Black "Delgado Ramirez, Neuris"]
[Result "0-1"]
[WhiteElo "2413"]
[BlackElo "2604"]
[PlyCount "76"]
[EventDate "2015.07.31"]
[EventType "swiss"]
[EventRounds "6"]
[EventCountry "BRA"]
[SourceTitle "EXT 2016"]
[Source "ChessBase"]
[SourceDate "2015.10.08"]
[SourceVersion "1"]
[SourceVersionDate "2015.10.08"]
[SourceQuality "1"]

1. e4 e5 2. Nf3 Nc6 3. Bc4 Nf6 4. d3 Be7 5. O-O O-O 6. Re1 d6 7. c3 Kh8 8. Nbd2
Nd7 9. Nf1 Nb6 10. Bb3 f5 11. exf5 Bxf5 12. h3 Bg6 13. Ng3 Bf6 14. a4 d5 15. a5
Nc8 16. a6 b5 17. d4 e4 18. Ne5 Bxe5 19. dxe5 Nb6 20. f4 exf3 21. gxf3 d4 22.
f4 d3 23. Bd2 Nc4 24. Bxc4 bxc4 25. Qg4 Ne7 26. e6 Rb8 27. Be3 Rxb2 28. Bxa7
Qd5 29. Bf2 h5 30. Qg5 Qxg5 31. fxg5 Rfxf2 32. a7 Rg2+ 33. Kh1 Rh2+ 34. Kg1
Rbg2+ 35. Kf1 Rxg3 36. a8=Q+ Kh7 37. Rad1 Bf5 38. g6+ Nxg6 0-1

[Event "Cuiaba Contaud op"]
[Site "Cuiaba"]
[Date "2015.08.02"]
[Round "6"]
[White "Delgado Ramirez, Neuris"]
[Black "Santos, Marcus Vinicius M"]
[Result "1-0"]
[WhiteElo "2604"]
[BlackElo "2329"]
[PlyCount "101"]
[EventDate "2015.07.31"]
[EventType "swiss"]
[EventRounds "6"]
[EventCountry "BRA"]
[SourceTitle "EXT 2016"]
[Source "ChessBase"]
[SourceDate "2015.10.08"]
[SourceVersion "1"]
[SourceVersionDate "2015.10.08"]
[SourceQuality "1"]

1. e4 g6 2. d4 Bg7 3. Nc3 d6 4. Bg5 a6 5. a4 Nc6 6. Nge2 h6 7. Be3 Nf6 8. f3 e5
9. Qd2 O-O 10. d5 Nb8 11. Ng3 h5 12. Bc4 h4 13. Nge2 Nh7 14. O-O-O Bf6 15. Kb1
Bg5 16. g3 Bxe3 17. Qxe3 Nd7 18. Qf2 h3 19. Nc1 f5 20. exf5 gxf5 21. Bf1 Ndf6
22. Bxh3 Qe8 23. f4 Ng4 24. Qd2 exf4 25. Qxf4 Qh5 26. Bxg4 fxg4 27. Qc4 Rf7 28.
N1e2 Bf5 29. Nd4 Bg6 30. Ne6 Qf5 31. Qb3 b5 32. axb5 axb5 33. Nxb5 Qf2 34. Ned4
Ng5 35. Na3 Ne4 36. Qb4 Rff8 37. Nc6 Bh7 38. Rd4 Rae8 39. Ka1 Qg2 40. Re1 Qxh2
41. Ka2 Qg2 42. Rd3 Nf6 43. Rdd1 Be4 44. c4 Qxg3 45. Qd2 Kf7 46. Nd4 Rh8 47.
Ne6 Rh2 48. Qa5 Re7 49. Rd4 Qf2 50. Qc3 Qf5 51. Rdxe4 1-0

[Event "Matinhos Caioba op"]
[Site "Matinhos"]
[Date "2015.08.14"]
[Round "1"]
[White "Biazotto, Guilherme"]
[Black "Delgado Ramirez, Neuris"]
[Result "0-1"]
[WhiteElo "1767"]
[BlackElo "2604"]
[PlyCount "102"]
[EventDate "2015.08.14"]
[EventType "swiss"]
[EventRounds "6"]
[EventCountry "BRA"]
[SourceTitle "EXT 2016"]
[Source "ChessBase"]
[SourceDate "2015.10.08"]
[SourceVersion "1"]
[SourceVersionDate "2015.10.08"]
[SourceQuality "1"]

1. Nf3 Nf6 2. b3 d6 3. d4 g6 4. Bb2 Bg7 5. e3 O-O 6. Be2 e5 7. dxe5 Nfd7 8. O-O
dxe5 9. Nbd2 e4 10. Bxg7 exf3 11. Bxf8 fxe2 12. Qxe2 Qxf8 13. Rad1 Nc6 14. Ne4
Qe7 15. Nc3 Nb6 16. Rd2 Qe5 17. Nb5 Bd7 18. Rfd1 a6 19. Nd4 Nb4 20. c4 a5 21.
Nf3 Qe7 22. c5 Qxc5 23. Rxd7 Nxd7 24. Rxd7 Nxa2 25. h3 Nc3 26. Qd3 b5 27. Ng5
Rf8 28. Ne4 Nxe4 29. Qxe4 Qc3 30. Qd5 c6 31. Qd6 Kg7 32. Rc7 Qxb3 33. Qe5+ Kg8
34. Rxc6 a4 35. Rb6 a3 36. Rxb5 Qd1+ 37. Kh2 Rc8 38. Ra5 Qb3 39. Rb5 Qc2 40.
Qd6 a2 41. Qa3 Qxf2 42. Rb2 a1=Q 43. Qxa1 Qxe3 44. Rb1 h5 45. Qf6 Re8 46. Rb5
Qa7 47. Qc6 Re1 48. Rb6 Qa1 49. Qf3 Qe5+ 50. g3 Re2+ 51. Kg1 Qd4+ 0-1